Ondina /

Guardado en:
Bibliografiske detaljer
Hovedforfatter: Naranjo, Carmen (autor)
Format: Bog
Sprog:spansk
Udgivet: La Habana, Cuba : Casa de las Américas, 1988, c1988
Serier:(La Honda Casa de las Américas)
Fag:
Tags: Tilføj Tag
Ingen Tags, Vær først til at tagge denne postø!

MARC

LEADER 00000nam^a2200000^a^4500
001 000392454
005 20250521000000.0
009 20260310121242.547
037 |a Acervo ITESO - Biblioteca 
041 |a ESP 
082 |a 863.  |b NAR 
100 |a Naranjo, Carmen  |e (autor) 
245 1 0 |a Ondina /  |c C. Naranjo. 
264 4 |a La Habana, Cuba :  |b Casa de las Américas,  |c 1988, c1988 
300 |a 135 p. 
336 |a texto  |b txt  |2 rdacontenido 
337 |a sin mediación  |b n  |2 rdamedio 
338 |a volumen  |b nc  |2 rdasoporte 
440 3 |a (La Honda Casa de las Américas) 
649 |a XX 
650 |a Cuentos Costarricenses 
650 |a Literatura Costarricense -  |y Siglo XX 
650 |a Literatura de Mujeres -  |z Costa Rica 
910 |a Fondo Carlos Núñez Hurtado 
920 |a Impresos - Libros 
930 |a Fondos Especiales 
940 |a Literatura 
905 |a 117 
901 |a 0500287353  |b IT2  |c ESP  |i D81287  |u 20250521 
902 |a https://opac.biblio.iteso.mx/vufind/Record/000392454